00520nam a2200181Ii 450000100060000000300090000600800410001504000330005604100080008908200170009710000180011424500590013226400540019130000120024533600260025733700280028333800270031120693CO-ViMGA241108s9999||||xx |||||||||||||| ||und|| aCO-ViMGAbspaerdacCO-ViMGA0 aspa04a363.123 M67t1 aAlvin. Moscow10aLa tragedia del Andrea Doria :bcolisión en alta mar 1aMadrid, España : Libreria Editorial Argos, 1960 avolumen atextbtxt2rdacontent aunmediatedbn2rdamedia avolumebnc2rdacarrier